An introduction to project extranets and e-procurement (Record no. 103809)

MARC details
000 -LEADER
fixed length control field 01348cam a2200229 4500
001 - CONTROL NUMBER
control field ##J127646
008 - FIXED-LENGTH DATA ELEMENTS--GENERAL INFORMATION
fixed length control field 041007n2003 000 0 eng u
035 ## - SYSTEM CONTROL NUMBER
System control number (Sirsi) u127646
041 #0 - LANGUAGE CODE
Language code of text/sound track or separate title eng
050 04 - LIBRARY OF CONGRESS CALL NUMBER
Classification number 690.0285 $2 18
100 1# - MAIN ENTRY--PERSONAL NAME
Personal name Breetzke, Keith
245 03 - TITLE STATEMENT
Title An introduction to project extranets and e-procurement
Medium [electronic resource]
260 ## - PUBLICATION, DISTRIBUTION, ETC.
Place of publication, distribution, etc. London
Name of publisher, distributor, etc. RICS
Date of publication, distribution, etc. 2003
490 #0 - SERIES STATEMENT
Series statement RICS Quantity Surveying and Construction Faculty Feature
520 ## - SUMMARY, ETC.
Summary, etc. This report provides an introduction to extranets, which are being increasingly promoted as the panacea to the industry's communications problems. In addition it outlines the features available from some of the major suppliers. If information technology is to become a strategic component of a scheme, all the members of a team will need to be able to understand and to use the systems on offer. This will lead to the need to appoint a Construction Information Manager on many schemes; surveyors, of course, are ideally suited to this role.
651 #4 - SUBJECT ADDED ENTRY--GEOGRAPHIC NAME
Geographic name United Kingdom
Chronological subdivision
690 ## - LOCAL SUBJECT ADDED ENTRY--TOPICAL TERM (OCLC, RLIN)
Topical term or geographic name as entry element Procurement
9 (RLIN) 6260
700 1# - ADDED ENTRY--PERSONAL NAME
Personal name Hawkins, Martin
710 2# - ADDED ENTRY--CORPORATE NAME
Corporate name or jurisdiction name as entry element Royal Institution of Chartered Surveyors
Subordinate unit Construction Faculty
9 (RLIN) 4214
856 40 - ELECTRONIC LOCATION AND ACCESS
Uniform Resource Identifier <a href="https://www.rics.org/Global/Downloads/IntroductionProjectExtranetsE-procurement.pdf">https://www.rics.org/Global/Downloads/IntroductionProjectExtranetsE-procurement.pdf</a>
Public note View the report on the RICS website...
942 ## - ADDED ENTRY ELEMENTS (KOHA)
Suppress in OPAC 0
Holdings
Withdrawn status Lost status Source of classification or shelving scheme Damaged status Not for loan Home library Current library Shelving location Date acquired Total Checkouts Full call number Barcode Date last seen Copy number Price effective from Koha item type
    Dewey Decimal Classification     Virtual Virtual Online 07/10/2004   ONLINE PUBLICATION 127646-1001 06/08/2019 1 06/08/2019 Book